Devinez les 15 meilleurs aliments pour l'apéro - Statistiques

Statistiques générales
  • Ce quiz a été pris 266 fois
  • Le résultat moyen est 4 sur 16
Statistiques - réponses
Réponse % Correct
chips
88%
olives
49%
plateau de fromage
47%
bâtonnets de légumes (carottes, concombres, radis...)
31%
pains
27%
dips (guacamole, houmous, tzatziki, tapenade)
26%
tomates cerises
25%
pistaches
23%
mini pizzas
17%
apéri-cube
13%
bretzels
13%
saucisson sec
9%
mini burgers
5%
knacki Ball
1%
mini quiches
1%
crakers
0%
Aucun quiz correspondant
Distribution des résultats
% des personnes avec chaque résultat
Percentile par nombre de réponses
Votre historique - résultats
Vous n’avez pas pris ce quiz